000 00393nam a2200181Ia 4500
001 7389
005 20260306160452.0
008 260306t2011||||xx |||||||||||||| ||spa||
041 _aESP
082 _a338.9
_bJ53
100 _aJiménez, Félix
_eAUT
245 0 _aCrecimiento económico
260 _c2011
300 _a
_c
650 _aGEN
654 _aCAN
942 _cLIB
_dJUS
_fJUS
_2ddc
_n
999 _c7389
_d7389